000 00533nam a2200181Ia 4500
999 _c28614
_d28614
003 OSt
005 20210108103152.0
008 190216s9999||||xx |||||||||||||| ||und||
020 _a9788124015513
040 _coclc
082 _a894.812301
_bVIS/K
100 _aViswanathan, K R
_98249
245 0 _aKlara Malakhayaya Vidham /
_cK R Viswanathan
260 _bDc Books,
_aKozhikode:
_c2005.
300 _a70p
650 _aMalayalam Novel-Malayalam
942 _cBK
_2ddc
_h894.812301
_iVIS/K
_k894.812301
_mVIS/K